| 000 | 00548cam a2200145 4500500 | ||
|---|---|---|---|
| 005 | 20260208002343.0 | ||
| 041 | _afre | ||
| 042 | _adc | ||
| 100 | 1 | 0 |
_aMaj, Émilie _eauthor |
| 245 | 0 | 0 | _aJean-Pierre Digard, Une histoire du cheval: art, technique, société, Arles, Actes Sud, 2004, 232 p., bibl., chronol., gloss., index, ill. |
| 260 | _c2005. | ||
| 500 | _a100 | ||
| 786 | 0 | _nL'Homme | 175-176 | 3 | 2005-07-01 | p. 475k-572k | 0439-4216 | |
| 856 | 4 | 1 | _uhttps://shs.cairn.info/revue-l-homme-2005-3-page-475k?lang=fr&redirect-ssocas=7080 |
| 999 |
_c1645980 _d1645980 |
||